000 00636nam a2200253Ia 4500
003 OSt
005 20221006144034.0
006 a|||||r|||| 00| 0
007 ta
008 221006b |||||||| |||| 00| 0 eng d
020 _cP9.95
024 _a10,711
037 _cTextual
040 _aEASL
_cEASL
_beng
041 _2eng
_aeng
082 _aW691xM93.N76, L9
100 _aWILSON Dick
245 0 _aMao
_b the people's emperor
260 _aLondon
_bHutchinson
_c1979
300 _a480p.
_ccm.
490 _v CEL
942 _hW691xM93.N76, L9
_cTEXL
_2CC
999 _c1078797
_d1078797